000 00766nam a22002657a 4500
008 130826b xxu||||| |||| 00| 0 eng d
020 _a0-521-37640-8
024 _cAvailable
037 _cAvailable
040 _aMBSTU LIBRARY
_dMBSTU LIBRARY
082 _222
_a410 SWN
100 _aSwon, Michael.
110 _aCatherine Walter.
245 _aThe New cambridge english course student 4+ upper intermediate.
260 _aUK
_bCambridge Unirerstiy Press.
_c1998
300 _a29 cm
_b133 page
_f1
_g29 cm.
600 _2Standard english
650 _2Standard english
700 _aSwon, Michael.
710 _aCatherine Walter.
270 _aU.K
_bU.K
_dU.K
365 _b2400.00
_d2400.00
942 _2ddc
_cBK
999 _c622
_d622